| 000 | 00469nam a2200181Ia 4500 | ||
|---|---|---|---|
| 001 | 24501 | ||
| 005 | 20260414151047.0 | ||
| 008 | 260414t2018||||xx |||||||||||||| ||spa|| | ||
| 041 | _aESP | ||
| 082 |
_a345.71 _bL97 |
||
| 100 |
_aLuján Segura, Helder _eAUT |
||
| 245 | 0 |
_aLa medida cautelar : _bcasos especiales de procedencia e improcedencia |
|
| 260 | _c2018 | ||
| 300 |
_a283 páginas : _c25 cm. |
||
| 650 | _aDER | ||
| 654 | _aCDE | ||
| 942 |
_cLIB _dJUS _fJUS _2ddc _n |
||
| 999 |
_c24501 _d24501 |
||